Putih seperti burung camar : Kisah seorang gadis albino

Bibliographic Details
Main Author: Kermauner, Aksinja
Format: Book
Published: Sarawak : Lagend Book House and Distributor , 2016
Edition:edisi bahasa malaysia
Series:siri anak istimewa
Subjects:

MARC

LEADER 00000cam a2200000 7i4500
001 0000078787
005 20220105104303.0
008 180221
020 |a 9789670847405 
041 0 |a Malay 
090 0 0 |a JP   |b MAL 
100 0 |a Kermauner, Aksinja 
245 0 0 |a Putih seperti burung camar :   |b Kisah seorang gadis albino   |c Aksinja Kermauner 
250 |a edisi bahasa malaysia 
260 |a Sarawak :   |b Lagend Book House and Distributor ,   |c 2016 
300 |b col.,ill. ;   |c 30 cm. 
490 0 |a siri anak istimewa 
500 |a Children age 4-6 years old (yellow) 
541 0 0 |c Purchased on 2017 
650 0 |a Children stories, Malay 
999 |a 0001470762   |b Book   |c Children Collection   |e Cawangan Taman Universiti 
999 |a 0001470763   |b Book   |c Children Collection   |e Cawangan Tangkak 
999 |a 0001470764   |b Book   |c Children Collection   |e Cawangan Sri Merlong 
999 |a 0001470765   |b Book   |c Children Collection   |e Cawangan Bandar Penawar 
999 |a 0001470766   |b Book   |c Children Collection   |e Cawangan Pontian 
999 |a 0001470767   |b Book   |c Children Collection   |e Cawangan Tmn. Ungku Tun Aminah 
999 |a 0001470768   |b Book   |c Children Collection   |e Cawangan Bandar Tenggara 
999 |a 0001470769   |b Book   |c Children Collection   |e Cawangan Taman Sri Lambak 
999 |a 0001470770   |b Book   |c Children Collection   |e Cawangan Kota Tinggi 
999 |a 0001470771   |b Book   |c Children Collection   |e Cawangan Segamat 
999 |a 0001470772   |b Book   |c Children Collection   |e Cawangan Mersing 
999 |a 0001470773   |b Book   |c Children Collection   |e Cawangan Batu Pahat 
999 |a 0001470774   |b Book   |c Children Collection   |e Cawangan Bukit Gambir 
999 |a 0001473683   |b Book   |c Children Collection   |e Perbadanan Perpustakaan Awam Johor 
999 |a 0001473684   |b Book   |c Children Collection   |e Cawangan AEON Kulaijaya 
999 |a 0001473685   |b Book   |c Children Collection   |e Cawangan Urban Transformation Centre